000 00291nam a22001337a 4500
008 190304b xxu||||| |||| 00| 0 eng d
020 _a0877225559
041 _aeng
080 _a101
100 _a23
101 _aFIL
245 _aPhilosophy goes at School
_cLipman, M
942 _2udc
_cBK
999 _c54434
_d54434